00411nam a2200157Ia 45000010006000000050017000060080041000230410008000640820017000721000030000892450081001192600009002003000028002096500008002376540008002451007920260306161805.0260306t2012||||xx |||||||||||||| ||spa|| aESP aGR 882bZ945 aZimmermann, BernhardeAUT 0aEuropa y la tragedia griega:bde la representación ritual al teatro actual c2012 a187 páginas :c22 cm. aGEN aCHU